| 000 | 00776nam a22002297a 4500 | ||
|---|---|---|---|
| 999 |
_c937 _d937 |
||
| 003 | AR-CdUCM | ||
| 008 | 190225b ||||| |||| 00| 0 spa d | ||
| 040 |
_aMUNICIPALIDAD PROVINCIAL DEL CUSCO _cBIBLIOTECA MUNICIPAL DEL CUSCO |
||
| 082 |
_a261 / _bB78 |
||
| 100 |
_aBover, P. _93626 |
||
| 245 | _aEvangelio de San Lucas / | ||
| 260 |
_aMadrid : _bImprenta Sáez, _c1959. |
||
| 300 |
_a106 paginas ; _c17 cm. |
||
| 500 | _aDedicatoria | ||
| 505 | _aEvangelio de la infancia -- Amor de los enemigos -- El ciervo del centurión -- Elogio de Juan -- Varias sentencias.. | ||
| 650 |
_aLos Evangelizadores _93627 |
||
| 650 |
_aParabolas _93628 |
||
| 650 |
_aTransfiguración de Jesus _93629 |
||
| 650 |
_aVino y frutos _93630 |
||
| 942 |
_2ddc _cLIBROS |
||
| 945 |
_awnts _d2019-02-25 |
||